Národní kvalifikační rámec terciárního vzdělávání České republiky. 2. díl, Oblasti vzdělávání /

Další autoři: Černikovský, Petr, Hnilica, Jiří, 1976-, Pasáčková, Eva, 1947-
Jazyk: Čeština
Vydáno: Praha : Ministerstvo školství, mládeže a tělovýchovy, 2012
Vydání: 1. vyd.
Témata:
Fyzický popis: 416 s. : il. ; 25 cm
Knihy
Uloženo v:
LEADER 02210nam a2200589 a 4500
001 nkc20122396405
003 CZ PrNK
005 20130121111317.0
007 ta
008 121129s2012 xr a e f 000 0 cze
015 |a cnb002396405 
020 |a 978-80-87601-10-5  |q (brož.) 
035 |a (OCoLC)823820853 
040 |a ABA001  |b cze 
043 |a e-xr--- 
072 7 |a 378  |x Vysoké školy  |2 Konspekt  |9 22 
080 |a 378.14  |2 MRF 
080 |a 37.091.214  |2 MRF 
080 |a 378-057.8  |2 MRF 
080 |a 331.546  |2 MRF 
080 |a 37.014.5  |2 MRF 
080 |a (437.3)  |2 MRF 
080 |a (036)  |2 MRF 
245 0 0 |a Národní kvalifikační rámec terciárního vzdělávání České republiky.  |n 2. díl,  |p Oblasti vzdělávání /  |c [Petr Černikovský, Jiří Hnilica, Eva Pasáčková (eds.)] 
246 3 0 |a Oblasti vzdělávání 
250 |a 1. vyd. 
260 |a Praha :  |b Ministerstvo školství, mládeže a tělovýchovy,  |c 2012 
300 |a 416 s. :  |b il. ;  |c 25 cm 
500 |a Část. tištěno napříč 
500 |a 1000 výt. 
504 |a Obsahuje bibliografické odkazy 
650 0 7 |a vysokoškolské studium  |7 ph127279  |z Česko  |2 czenas 
650 0 7 |a studijní obory  |7 ph157200  |z Česko  |2 czenas 
650 0 7 |a absolventi vysokých škol  |7 ph118242  |z Česko  |2 czenas 
650 0 7 |a profesní kompetence  |7 ph136580  |z Česko  |2 czenas 
650 0 7 |a vzdělávací politika  |7 ph127308  |z Česko  |2 czenas 
650 0 9 |a college study  |z Czechia  |2 eczenas 
650 0 9 |a courses of studies  |z Czechia  |2 eczenas 
650 0 9 |a college graduates  |z Czechia  |2 eczenas 
650 0 9 |a vocational qualifications  |z Czechia  |2 eczenas 
650 0 9 |a educational policy  |z Czechia  |2 eczenas 
653 0 |a kvalifikační rámce 
655 7 |a informační publikace  |7 fd132454  |2 czenas 
655 9 |a information publications  |2 eczenas 
700 1 |a Černikovský, Petr  |7 jo2012737863  |4 edt 
700 1 |a Hnilica, Jiří,  |d 1976-  |7 xx0023776  |4 edt 
700 1 |a Pasáčková, Eva,  |d 1947-  |7 mzk2002142183  |4 edt 
910 2 |a BOA001  |b 2-1246.571,2 
990 |a BK 
995 |a 01 
991 |b 201301  |c NOV  |e n 
996 6 |b 2610531666  |c 2-1246.571,2  |l MZK  |r Sklad / do 1 hodiny  |n 2  |p p.v.  |w 001306412  |u 000010  |a 1  |e BOA001  |j MZK50  |s P